000 00575nam a2200193Ia 4500
005 20250507130313.0
008 008 250505s9999 xx 000 0 eng d
037 _aSeries Article
040 _aEASL
_beng
_cEASL
041 _aeng
_2eng
084 _qEASL
100 _aSu Xiaobo
_9674573
245 0 _aMoving to peripheral China: Home, play and the politics of built heritage
260 _aAustralia
_bCanberra Australian National University Australia
_c2013
300 _a148-162 Pp.
650 _aChina
942 _cSRA
999 _c1318884
_d1318884